| 000 | 00611nam a22001817a 4500 | ||
|---|---|---|---|
| 008 | 180910b xxu||||| |||| 00| j tur d | ||
| 020 | _a9759950472 | ||
| 041 | _atur | ||
| 050 | _aPL248.E727 | ||
| 100 |
_91279 _aSibel Eraslan |
||
| 245 | _a Balık ve Tango | ||
| 250 | _a1.Baskı | ||
| 260 |
_aİstanbul _bDergah Yayınları _cEylül 2006 |
||
| 300 | _a154 Sayfa | ||
| 500 | _aKitabın arkasında değerlendirme yazısı bulunuyor. Dergah Yayınları : 330 Türk Edebiyatı - Hikaye : 34 2 adet mevcuttur. 2 adet mevcuttur. | ||
| 650 | 0 |
_9145 _aTürk Edebiyatı |
|
| 942 |
_2lcc _cBK |
||
| 999 |
_c2462 _d2421 |
||